Strašidelná knihovna. Schovávaná s duchy /
Klárka spolu s duchem Kazem řeší různé detektivní záhady. Pokračování zábavné duchařské a detektivní řady.
Uloženo v:
| Série: | Strašidelná knihovna,
část 8 |
|---|---|
| Hlavní autor: | |
| Další autoři: | , |
| Médium: | E-kniha |
| Jazyk: | Czech |
| Vydáno: |
Praha :
Fragment,
2022
|
| Vydání: | 1. vydání |
| Témata: | |
| Příbuzné jednotky: | Z cyklu::
Strašidelná knihovna |
| Tagy: |
Žádné tagy |
| LEADER | 02612nam a2200517 i 4500 | ||
|---|---|---|---|
| 001 | 311573 | ||
| 003 | CZ PrSKC | ||
| 005 | 20260601215707.0 | ||
| 007 | ta | ||
| 008 | 220607s2022 xr a b 000 j cze | ||
| 015 | |a cnb003427247 | ||
| 020 | |a 9788025358023 |q (vázáno) : |c Kč 199,00 | ||
| 035 | |a (OCoLC)1357140615 | ||
| 040 | |a ABG001 |b cze |e rda | ||
| 041 | 1 | |a cze |h eng | |
| 072 | 7 | |a 821.111(73)-3 |x Americká próza |2 Konspekt | |
| 072 | 7 | |a 821-93 |x Literatura pro děti a mládež (beletrie) |2 Konspekt | |
| 080 | |a 821.111(73)-32 |2 MRF | ||
| 080 | |a 821-93 |2 MRF | ||
| 080 | |a (0:82-32) |2 MRF | ||
| 100 | 1 | |a Butler, Dori Hillestad, |d 1965- |7 ola2017939581 |4 aut | |
| 240 | 1 | 0 | |a Hide-and-seek ghost. |l Česky |
| 245 | 1 | 0 | |a Strašidelná knihovna. |p Schovávaná s duchy / |c napsala Dori Hillestad Butlerová ; ilustrovala Aurora Damantová ; z anglického originálu The haunted library - The hide-and-seek ghost přeložil Václav Soukup |
| 246 | 3 | 0 | |a Schovávaná s duchy |
| 250 | |a 1. vydání | ||
| 264 | 1 | |a Praha : |b Fragment, |c 2022 | |
| 300 | |a 128 stran : |b ilustrace ; |c 21 cm | ||
| 336 | |a text |b txt |2 rdacontent | ||
| 337 | |a bez média |b n |2 rdamedia | ||
| 338 | |a svazek |b nc |2 rdacarrier | ||
| 520 | 2 | |a Klárka spolu s duchem Kazem řeší různé detektivní záhady. Pokračování zábavné duchařské a detektivní řady. |b Další případ je zavede do domu, ve kterém straší. Rodina, která tu bydlí, ho plánuje prodat, neznámý duch jim to ale pěkně komplikuje. Podaří se Kazovi a Klárce zjistit, co se děje? Narazí zde Kaz na dalšího člena své ztracené rodiny? Nakladatelská anotace. | |
| 521 | 8 | |a Pro čtenáře od 7 let | |
| 655 | 7 | |a americké příběhy |7 fd131795 |2 czenas | |
| 655 | 7 | |a publikace pro děti |7 fd133156 |2 czenas | |
| 655 | 9 | |a American stories |2 eczenas | |
| 655 | 9 | |a children's literature |2 eczenas | |
| 700 | 1 | |a Damant, Aurore, |d 1981- |7 ola2017939588 |4 ill | |
| 700 | 1 | |a Soukup, Václav |7 ola2018992136 |4 trl | |
| 765 | 1 | |t Haunted library | |
| 787 | 0 | 8 | |i Z cyklu: |t Strašidelná knihovna |g 8 |
| 900 | |a ABA001 |b 21 | ||
| 928 | 9 | |a Albatros Media - Fragment | |
| 044 | |a xr | ||
| 910 | |a RBIT002 | ||
| 998 | |d 352444 |a https://core.palmknihy.cz/api/books/352444/cover?si8133 |b https://core.palmknihy.cz/api/books/352444/cover/400?si8133 |c https://core.palmknihy.cz/api/books/352444/cover/50?si8133 |e 2027-01-11 |g 128 |i 9788025358023 |j https://core.palmknihy.cz/api/books/352444/preview.epub |k https://core.palmknihy.cz/api/books/352444/preview.pdf |l |q 49 |r 1 |s https://www.palmknihy.cz/kniha/352444 |t ebook |y 2022 |z 0 |v Strašidelná knihovna |w 8 | ||
| 999 | |d 311571 | ||